000 00435nam a2200181Ia 4500
003 IT-RoPAU
008 120407s9999 xx 000 0 und d
040 _aIT-RoPAU
040 _cIT-RoPAU
100 _aLuigi De Paoli
245 _aL'agenda del nuovo Papa. Dai cinque continenti ipotesi sul dopo Wojtyla
250 _aRoma
260 _aEditori Riuniti
300 _c cm
490 _v1
700 _aLuigi Sandri
942 _cBK
999 _c3170
_d3170